Peru : First Review Under the Stand-By Arrangement and Requests for Modification of Performance Criterion and Waiver for Nonobservance of Performance Criterion.

The staff report for the First Review Under the Stand-By Arrangement and Requests for Waiver of Performance Criterion and Waiver for Nonobservance of Performance Criterion highlights Peru's policy discussions and staff appraisal. A draft law was prepared with a view to establishing sanctions fo...

Повний опис

Бібліографічні деталі
Співавтор: International Monetary Fund
Формат: Журнал
Мова:English
Опубліковано: Washington, D.C. : International Monetary Fund, 2007.
Серія:IMF Staff Country Reports; Country Report ; No. 2007/099
Онлайн доступ:Full text available on IMF
LEADER 01717cas a2200241 a 4500
001 AALejournalIMF004813
008 230101c9999 xx r poo 0 0eng d
020 |c 5.00 USD 
020 |z 9781451831115 
022 |a 1934-7685 
040 |a BD-DhAAL  |c BD-DhAAL 
110 2 |a International Monetary Fund. 
245 1 0 |a Peru :   |b First Review Under the Stand-By Arrangement and Requests for Modification of Performance Criterion and Waiver for Nonobservance of Performance Criterion. 
264 1 |a Washington, D.C. :  |b International Monetary Fund,  |c 2007. 
300 |a 1 online resource (62 pages) 
490 1 |a IMF Staff Country Reports 
500 |a <strong>Off-Campus Access:</strong> No User ID or Password Required 
500 |a <strong>On-Campus Access:</strong> No User ID or Password Required 
506 |a Electronic access restricted to authorized BRAC University faculty, staff and students 
520 3 |a The staff report for the First Review Under the Stand-By Arrangement and Requests for Waiver of Performance Criterion and Waiver for Nonobservance of Performance Criterion highlights Peru's policy discussions and staff appraisal. A draft law was prepared with a view to establishing sanctions for noncompliance with the law's fiscal deficit target. Monetary policy continues to be managed prudently within the inflation-targeting framework. The central bank expects dollarization to gradually decline as a result of sound economic policies and strong bank supervision. 
538 |a Mode of access: Internet 
830 0 |a IMF Staff Country Reports; Country Report ;  |v No. 2007/099 
856 4 0 |z Full text available on IMF  |u http://elibrary.imf.org/view/journals/002/2007/099/002.2007.issue-099-en.xml  |z IMF e-Library